000 00359 a2200169 4500
001 182244
020 _a978-85-01-91280-0
040 _cMagnum
100 _aSabino, Fernando
240 1 0 _aO grande mentecapto
_lpor
245 1 0 _aO grande mentecapto
300 _a254
362 0 _a2012
440 1 _aRecord
697 _aLITERATURA GERAL
942 _cBK
999 _c182244
_d182244